00421nam a2200157Ia 4500003000400000008004100004040001600045082001300061100001800074245005700092260004200149300001000191490002500201650001500226650002200241GCL140319s9999 xx 000 0 eng d aGCL / cGCL04a843bR S1 aRENAN, ENNEST10aSOUVENIRS D'ENFANCE ET DE JEUNESSE / cRENAN, ENNEST a[S.N] : bLE LIVRE DE POCHE ، c1992 a253 P aLE LIVRE DE POCHEv004aLITERATURE04aFRENCH LITERATURE